| LEADER |
01143nam0a2200253 450 |
| 001 |
16857671 |
| 010 |
|
|
|a 978-2-37408-405-3
|b rel.
|d 23
|
| 100 |
|
|
|a 20220804d2026 u u0frey01 ba
|
| 101 |
1 |
|
|a fre
|c eng
|
| 102 |
|
|
|a FR
|
| 200 |
0 |
|
|a livre extraordinaire des dragons (Le)
|f texte, Stella Caldwell
|g illustrations, Gonzalo Kenny - traduction, Emmanuel Gros
|
| 207 |
|
1 |
|a
|
| 210 |
|
|
|a Paris
|c Little Urban
|d DL 2021
|
| 215 |
|
|
|a 1 vol. (80 p.)
|c ill. en coul.
|d 38 cm
|
| 300 |
|
|
|a Avant-titre : 'Little urban présente'
|
| 330 |
|
|
|a Chaque dragon est représenté en grand format sous la forme d'un dessin très réaliste, avec des anecdotes. Une fiche descriptive présente aussi tous les éléments de la vie de ces créatures imaginaires : lieu d'origine du mythe, type de tanière, apparence, comportement et pouvoir.
|
| 606 |
0 |
|
|a Dragons
|
| 676 |
|
|
|a 398.4
|
| 700 |
|
0 |
|a Caldwell
|b Stella
|4 70
|
| 702 |
|
0 |
|a Kenny
|b Gonzalo
|f 1979-....
|4 440
|
| 702 |
|
0 |
|a Gros
|b Emmanuel
|f 1985-....
|4 730
|
| 900 |
|
|
|a Documentaire
|
| 901 |
|
|
|a Jeunesse
|
| 995 |
|
|
|a Médiathèque
|c Médiathèque
|f 089018879
|h 089018879
|k E 398.4 CAL
|o p
|q j
|r az
|e Médiathèque
|